Komparácia ekonomík s najvyššou úrovňou ekonomického rozvoja diplomová práca

Salvato in:
Dettagli Bibliografici
Autore principale: Kollmannová, Claudia
Ente Autore: Fakulta medzinárodných vzťahov EU. Katedra medzinárodných ekonomických vzťahov a hospodárskej diplomacie
Altri autori: Jančovič, Peter, 1995-
Natura: Libro
Lingua:slovacco
Pubblicazione: Bratislava 2025
Tags: Aggiungi Tag
Nessun Tag, puoi essere il primo ad aggiungerne!!

MARC

LEADER 00000nbm a2200000 4500
001 0309551
005 20260115134425.5
041 0 |a slo 
044 |a SK 
245 1 0 |a Komparácia ekonomík s najvyššou úrovňou ekonomického rozvoja  |b diplomová práca  |c Claudia Kollmannová ; školiteľ: Peter Jančovič 
264 1 |a Bratislava  |c 2025 
300 |a 88 s. 
100 1 |a Kollmannová, Claudia 
700 1 |a Jančovič, Peter, 1995- 
710 2 |a Fakulta medzinárodných vzťahov EU. Katedra medzinárodných ekonomických vzťahov a hospodárskej diplomacie